<?xml version="1.0" encoding="UTF-8"?>
<record
    xmlns:xsi="http://www.w3.org/2001/XMLSchema-instance"
    xsi:schemaLocation="http://www.loc.gov/MARC21/slim http://www.loc.gov/standards/marcxml/schema/MARC21slim.xsd"
    xmlns="http://www.loc.gov/MARC21/slim">

  <leader>00961nam a2200301 a 4500</leader>
  <controlfield tag="008">140410s2010    ag ||||| |||| 00| 0 spa d</controlfield>
  <datafield tag="020" ind1=" " ind2=" ">
    <subfield code="a">9788480866712</subfield>
  </datafield>
  <datafield tag="041" ind1=" " ind2=" ">
    <subfield code="a">spa</subfield>
  </datafield>
  <datafield tag="092" ind1=" " ind2=" ">
    <subfield code="c">611</subfield>
    <subfield code="l">17</subfield>
    <subfield code="s">DRA</subfield>
  </datafield>
  <datafield tag="100" ind1="1" ind2=" ">
    <subfield code="a">Drake, Richard L.</subfield>
    <subfield code="9">2891</subfield>
  </datafield>
  <datafield tag="245" ind1=" " ind2=" ">
    <subfield code="a">Gray. </subfield>
    <subfield code="b">Anatomia para estudiantes /</subfield>
    <subfield code="c">Richard L. Drake</subfield>
  </datafield>
  <datafield tag="250" ind1=" " ind2=" ">
    <subfield code="a">2a ed.</subfield>
  </datafield>
  <datafield tag="260" ind1=" " ind2=" ">
    <subfield code="a">Barcelona:</subfield>
    <subfield code="b">Elsevier ; Churchill Livingstone;</subfield>
    <subfield code="c">2010.</subfield>
  </datafield>
  <datafield tag="300" ind1=" " ind2=" ">
    <subfield code="a">1103 p.</subfield>
  </datafield>
  <datafield tag="500" ind1=" " ind2=" ">
    <subfield code="a">Drake, R. L.,Vogl, W. A. y Mitchell, A. W. M. (Col.). (2010). Gray. Anatom&#xED;a para estudiantes. (2a ed.). Barcelona : Elsevier ; Churchill Livingstone.</subfield>
  </datafield>
  <datafield tag="653" ind1=" " ind2=" ">
    <subfield code="a">Anatomia</subfield>
  </datafield>
  <datafield tag="653" ind1=" " ind2="3">
    <subfield code="a">El cuerpo</subfield>
  </datafield>
  <datafield tag="653" ind1=" " ind2=" ">
    <subfield code="a">Region dorsal del tronco</subfield>
  </datafield>
  <datafield tag="653" ind1=" " ind2=" ">
    <subfield code="a">Torax</subfield>
  </datafield>
  <datafield tag="653" ind1=" " ind2=" ">
    <subfield code="a">Abdomen</subfield>
  </datafield>
  <datafield tag="653" ind1=" " ind2=" ">
    <subfield code="a">Pelvis y Perin&#xE9;</subfield>
  </datafield>
  <datafield tag="653" ind1=" " ind2=" ">
    <subfield code="a">Extremidad Inferior</subfield>
  </datafield>
  <datafield tag="653" ind1=" " ind2=" ">
    <subfield code="a">Extremidad superior</subfield>
  </datafield>
  <datafield tag="653" ind1=" " ind2=" ">
    <subfield code="a">Cabeza y cuello</subfield>
  </datafield>
  <datafield tag="700" ind1="1" ind2=" ">
    <subfield code="a">Vogl, Wayne A.</subfield>
    <subfield code="9">2893</subfield>
  </datafield>
  <datafield tag="700" ind1="1" ind2=" ">
    <subfield code="a">Mitchell, Adam W. M.</subfield>
    <subfield code="9">2894</subfield>
  </datafield>
  <datafield tag="942" ind1=" " ind2=" ">
    <subfield code="2">ddc</subfield>
    <subfield code="c">BK</subfield>
    <subfield code="0">1</subfield>
  </datafield>
  <datafield tag="999" ind1=" " ind2=" ">
    <subfield code="c">2084</subfield>
    <subfield code="d">2084</subfield>
  </datafield>
  <datafield tag="952" ind1=" " ind2=" ">
    <subfield code="0">0</subfield>
    <subfield code="1">0</subfield>
    <subfield code="2">ddc</subfield>
    <subfield code="4">0</subfield>
    <subfield code="7">0</subfield>
    <subfield code="8">NFIC</subfield>
    <subfield code="a">BFM</subfield>
    <subfield code="b">BFM</subfield>
    <subfield code="c">CR</subfield>
    <subfield code="d">2014-04-10</subfield>
    <subfield code="e">PROMED</subfield>
    <subfield code="g">975.00</subfield>
    <subfield code="l">127</subfield>
    <subfield code="m">9</subfield>
    <subfield code="o">611 17 DRA</subfield>
    <subfield code="p">3258</subfield>
    <subfield code="r">2025-09-16</subfield>
    <subfield code="s">2025-09-09</subfield>
    <subfield code="t">Ej. 1</subfield>
    <subfield code="w">2014-04-10</subfield>
    <subfield code="y">BK</subfield>
    <subfield code="z">Compra PROMED 3er a&#xF1;o Abr/2014</subfield>
  </datafield>
  <datafield tag="952" ind1=" " ind2=" ">
    <subfield code="0">0</subfield>
    <subfield code="1">0</subfield>
    <subfield code="2">ddc</subfield>
    <subfield code="4">0</subfield>
    <subfield code="7">0</subfield>
    <subfield code="8">NFIC</subfield>
    <subfield code="a">BFM</subfield>
    <subfield code="b">BFM</subfield>
    <subfield code="c">CR</subfield>
    <subfield code="d">2014-04-10</subfield>
    <subfield code="e">PROMED</subfield>
    <subfield code="g">975.00</subfield>
    <subfield code="l">112</subfield>
    <subfield code="m">13</subfield>
    <subfield code="o">611 17 DRA</subfield>
    <subfield code="p">3259</subfield>
    <subfield code="r">2020-03-12</subfield>
    <subfield code="s">2019-12-16</subfield>
    <subfield code="t">Ej. 2</subfield>
    <subfield code="w">2014-04-10</subfield>
    <subfield code="y">BK</subfield>
    <subfield code="z">Compra PROMED 3er a&#xF1;o Abr/2014</subfield>
  </datafield>
  <datafield tag="952" ind1=" " ind2=" ">
    <subfield code="0">0</subfield>
    <subfield code="1">0</subfield>
    <subfield code="2">ddc</subfield>
    <subfield code="4">0</subfield>
    <subfield code="7">0</subfield>
    <subfield code="8">NFIC</subfield>
    <subfield code="a">BFM</subfield>
    <subfield code="b">BFM</subfield>
    <subfield code="c">CR</subfield>
    <subfield code="d">2014-04-10</subfield>
    <subfield code="e">PROMED</subfield>
    <subfield code="g">975.00</subfield>
    <subfield code="l">116</subfield>
    <subfield code="m">14</subfield>
    <subfield code="o">611 17 DRA</subfield>
    <subfield code="p">3260</subfield>
    <subfield code="r">2023-08-18</subfield>
    <subfield code="s">2023-06-26</subfield>
    <subfield code="t">Ej. 3</subfield>
    <subfield code="w">2014-04-10</subfield>
    <subfield code="y">BK</subfield>
    <subfield code="z">Compra PROMED 3er a&#xF1;o Abr/2014</subfield>
  </datafield>
  <datafield tag="952" ind1=" " ind2=" ">
    <subfield code="0">0</subfield>
    <subfield code="1">0</subfield>
    <subfield code="2">ddc</subfield>
    <subfield code="4">0</subfield>
    <subfield code="7">0</subfield>
    <subfield code="8">NFIC</subfield>
    <subfield code="a">BFM</subfield>
    <subfield code="b">BFM</subfield>
    <subfield code="c">CR</subfield>
    <subfield code="d">2014-04-10</subfield>
    <subfield code="e">PROMED</subfield>
    <subfield code="g">975.00</subfield>
    <subfield code="l">95</subfield>
    <subfield code="m">8</subfield>
    <subfield code="o">611 17 DRA</subfield>
    <subfield code="p">3261</subfield>
    <subfield code="r">2025-03-19</subfield>
    <subfield code="s">2025-03-10</subfield>
    <subfield code="t">Ej. 4</subfield>
    <subfield code="w">2014-04-10</subfield>
    <subfield code="y">BK</subfield>
    <subfield code="z">Compra PROMED 3er a&#xF1;o Abr/2014</subfield>
  </datafield>
  <datafield tag="952" ind1=" " ind2=" ">
    <subfield code="0">0</subfield>
    <subfield code="1">0</subfield>
    <subfield code="2">ddc</subfield>
    <subfield code="4">0</subfield>
    <subfield code="7">0</subfield>
    <subfield code="8">NFIC</subfield>
    <subfield code="a">BFM</subfield>
    <subfield code="b">BFM</subfield>
    <subfield code="c">CR</subfield>
    <subfield code="d">2014-04-10</subfield>
    <subfield code="e">PROMED</subfield>
    <subfield code="g">975.00</subfield>
    <subfield code="l">123</subfield>
    <subfield code="m">10</subfield>
    <subfield code="o">611 17 DRA</subfield>
    <subfield code="p">3262</subfield>
    <subfield code="r">2026-05-22</subfield>
    <subfield code="s">2026-05-15</subfield>
    <subfield code="t">Ej. 5</subfield>
    <subfield code="w">2014-04-10</subfield>
    <subfield code="y">BK</subfield>
    <subfield code="z">Compra PROMED 3er a&#xF1;o Abr/2014</subfield>
  </datafield>
  <datafield tag="952" ind1=" " ind2=" ">
    <subfield code="0">0</subfield>
    <subfield code="1">0</subfield>
    <subfield code="2">ddc</subfield>
    <subfield code="4">0</subfield>
    <subfield code="7">0</subfield>
    <subfield code="8">NFIC</subfield>
    <subfield code="a">BFM</subfield>
    <subfield code="b">BFM</subfield>
    <subfield code="c">CR</subfield>
    <subfield code="d">2014-04-10</subfield>
    <subfield code="e">PROMED</subfield>
    <subfield code="g">975.00</subfield>
    <subfield code="l">147</subfield>
    <subfield code="m">18</subfield>
    <subfield code="o">611 17 DRA</subfield>
    <subfield code="p">3263</subfield>
    <subfield code="r">2020-03-03</subfield>
    <subfield code="s">2020-02-27</subfield>
    <subfield code="t">Ej. 6</subfield>
    <subfield code="w">2014-04-10</subfield>
    <subfield code="y">BK</subfield>
    <subfield code="z">Compra PROMED 3er a&#xF1;o Abr/2014</subfield>
  </datafield>
  <datafield tag="952" ind1=" " ind2=" ">
    <subfield code="0">0</subfield>
    <subfield code="1">0</subfield>
    <subfield code="2">ddc</subfield>
    <subfield code="4">0</subfield>
    <subfield code="7">0</subfield>
    <subfield code="8">NFIC</subfield>
    <subfield code="a">BFM</subfield>
    <subfield code="b">BFM</subfield>
    <subfield code="c">CR</subfield>
    <subfield code="d">2014-04-10</subfield>
    <subfield code="e">PROMED</subfield>
    <subfield code="g">975.00</subfield>
    <subfield code="l">80</subfield>
    <subfield code="m">7</subfield>
    <subfield code="o">611 17 DRA</subfield>
    <subfield code="p">3264</subfield>
    <subfield code="r">2020-03-12</subfield>
    <subfield code="s">2020-03-06</subfield>
    <subfield code="t">Ej. 7</subfield>
    <subfield code="w">2014-04-10</subfield>
    <subfield code="y">BK</subfield>
    <subfield code="z">Compra PROMED 3er a&#xF1;o Abr/2014</subfield>
  </datafield>
  <datafield tag="952" ind1=" " ind2=" ">
    <subfield code="0">0</subfield>
    <subfield code="1">0</subfield>
    <subfield code="2">ddc</subfield>
    <subfield code="4">0</subfield>
    <subfield code="7">0</subfield>
    <subfield code="8">NFIC</subfield>
    <subfield code="a">BFM</subfield>
    <subfield code="b">BFM</subfield>
    <subfield code="c">CR</subfield>
    <subfield code="d">2014-04-10</subfield>
    <subfield code="e">PROMED</subfield>
    <subfield code="g">975.00</subfield>
    <subfield code="l">81</subfield>
    <subfield code="m">7</subfield>
    <subfield code="o">611 17 DRA</subfield>
    <subfield code="p">3265</subfield>
    <subfield code="r">2020-03-03</subfield>
    <subfield code="s">2019-12-16</subfield>
    <subfield code="t">Ej. 8</subfield>
    <subfield code="w">2014-04-10</subfield>
    <subfield code="y">BK</subfield>
    <subfield code="z">Compra PROMED 3er a&#xF1;o Abr/2014</subfield>
  </datafield>
  <datafield tag="952" ind1=" " ind2=" ">
    <subfield code="0">0</subfield>
    <subfield code="1">0</subfield>
    <subfield code="2">ddc</subfield>
    <subfield code="4">0</subfield>
    <subfield code="7">0</subfield>
    <subfield code="8">NFIC</subfield>
    <subfield code="a">BFM</subfield>
    <subfield code="b">BFM</subfield>
    <subfield code="c">CR</subfield>
    <subfield code="d">2014-04-10</subfield>
    <subfield code="e">PROMED</subfield>
    <subfield code="g">975.00</subfield>
    <subfield code="l">87</subfield>
    <subfield code="m">13</subfield>
    <subfield code="o">611 17 DRA</subfield>
    <subfield code="p">3266</subfield>
    <subfield code="r">2023-08-30</subfield>
    <subfield code="s">2023-08-22</subfield>
    <subfield code="t">Ej. 9</subfield>
    <subfield code="w">2014-04-10</subfield>
    <subfield code="y">BK</subfield>
    <subfield code="z">Compra PROMED 3er a&#xF1;o Abr/2014</subfield>
  </datafield>
  <datafield tag="952" ind1=" " ind2=" ">
    <subfield code="0">0</subfield>
    <subfield code="1">0</subfield>
    <subfield code="2">ddc</subfield>
    <subfield code="4">0</subfield>
    <subfield code="7">0</subfield>
    <subfield code="8">REF</subfield>
    <subfield code="a">BFM</subfield>
    <subfield code="b">BFM</subfield>
    <subfield code="c">REF</subfield>
    <subfield code="d">2014-04-10</subfield>
    <subfield code="e">PROMED</subfield>
    <subfield code="g">975.00</subfield>
    <subfield code="l">12</subfield>
    <subfield code="m">1</subfield>
    <subfield code="o">611 17 DRA</subfield>
    <subfield code="p">3267</subfield>
    <subfield code="r">2019-06-11</subfield>
    <subfield code="s">2019-06-07</subfield>
    <subfield code="t">Ej. 10</subfield>
    <subfield code="w">2014-04-10</subfield>
    <subfield code="y">REF</subfield>
    <subfield code="z">Compra PROMED 3er a&#xF1;o Abr/2014 LIBRO DE CONSULTA</subfield>
  </datafield>
</record>
